Normal view
MARC view
Entry Personal Name
001 - CONTROL NUMBER
- control field: 1237969
003 - CONTROL NUMBER IDENTIFIER
- control field: OSt
005 - DATE AND TIME OF LATEST TRANSACTION
- control field: 20260430150611.0
008 - FIXED-LENGTH DATA ELEMENTS
- fixed length control field: 260430|| aca||aabn | a|a d
040 ## - CATALOGING SOURCE
- Original cataloging agency: OSt
- Transcribing agency: OSt
100 ## - HEADING--PERSONAL NAME
- Personal name: Thakur Raushan Au.; Saxena Rekha Gu
670 ## - SOURCE DATA FOUND
- Source citation: Work cat.: (OSt)1850180: Thakur Raushan Au.; Saxena Rekha Gu., Understanding the Nature of Political Campaign from the Canvas of Electoral Manifestos in India: A Comparative Study of BJP and Inc's Manifestos in 2014 and 2019 Lok Sabha Elections, 2024
